000 00243nam a2200097Ia 4500
001 651466
005 20250826154419.0
008 250824s9999 xx 000 0 und d
245 0 _aMUCİZELER DÜKKANINA DÖNÜŞ
_cDEBBI MACOMBER
260 _bMARTI
999 _c651466
_d651466